Statistics for Historical inventors by invention and picture

Click here to take the quiz!

General Stats

  • This quiz has been taken 41 times
  • The average score is 13 of 28

Answer Stats

Answer% Correct
Nikola Tesla
94%
Thomas Edison
94%
Alexander Graham Bell
91%
Orville and Wilbur Wright
91%
Alfred Nobel
89%
Johannes Gutenberg
86%
Guglielmo Marconi
83%
James Watt
69%
J. Robert Oppenheimer
63%
Karl Benz
63%
Wilhelm Röntgen
63%
Alessandro Volta
60%
Edward Jenner
57%
Jonas Salk
49%
Enrico Fermi and Leo Szilard
46%
Michael Faraday
37%
Wernher von Braun
34%
Tim Berners-Lee
26%
Christiaan Huygens
17%
John Logie Baird
17%
William Shockley, John Bardeen, Walter Houser Brattain
17%
Hiram Maxim
14%
Lawrence Roberts
11%
Werner von Siemens
11%
Jack Kilby
9%
Kees Schouhamer Immink and Toshitada Doi
9%
Tommy Flowers
9%
Vic Hayes
9%

Score Distribution

Percentile by Number Answered

Percent of People with Each Score

Your Score History

You have not taken this quiz